America's theologian : a recommendation of Jonathan Edwards /

Bibliographic Details
Main Author: Jenson, Robert W.
Format: Book
Language:English
Published: New York : Oxford University Press, 1988.
Subjects:

MARC

Tag First Indicator Second Indicator Subfields
LEADER 00000cam a2200000 a 4500
001 in00000035184
005 20151007055323.0
008 870506s1988 nyu b 00110 eng
010 |a  87014037  
020 |a 0195049411 (alk. paper) :  |c $26.00 
035 |a (OCoLC)16006067 
035 |9 AAB7890AM 
040 |a DLC  |c DLC  |d TXA  |d UtOrBLW 
049 |a TXAM  |c [A11507339] 
050 0 0 |a BX7260.E3  |b J45 1988 
082 0 |a 230/.58/0924  |2 19 
100 1 |a Jenson, Robert W. 
245 1 0 |a America's theologian :  |b a recommendation of Jonathan Edwards /  |c Robert W. Jenson. 
264 1 |a New York :  |b Oxford University Press,  |c 1988. 
300 |a xii, 224 pages ;  |c 22 cm. 
336 |a text  |b txt  |2 rdacontent 
337 |a unmediated  |b n  |2 rdamedia 
338 |a volume  |b nc  |2 rdacarrier 
504 |a Bibliography: pages 197-218. 
500 |a Includes index. 
600 1 0 |a Edwards, Jonathan,  |d 1703-1758. 
999 |a MARS 
999 f f |s 0359a79e-5f6c-3630-891c-62503add2a67  |i c31ca59f-0917-3277-aa0e-901272f557d6  |t 0 
952 f f |p ric  |a Texas A&M University  |b Rellis Campus  |c Joint Library Facility  |d Remote Storage  |t 0  |e BX7260.E3 J45 1988  |h Library of Congress classification  |i unmediated -- volume  |m A14811507339 
998 f f |a BX7260.E3 J45 1988  |t 0  |l Remote Storage